Five Biggest Countries by Region - Statistics

General Stats
  • This quiz has been taken 2,340 times
    1,870 since last reset
  • The average score is 27 of 30
Answer Stats
Region Country % Correct
The Caribbean Cuba
97%
European Union France
96%
European Union Germany
96%
The Caribbean Jamaica
95%
The Middle East Saudi Arabia
95%
The Caribbean Haiti
94%
Southeast Asia Indonesia
94%
European Union Spain
94%
The Sahara Algeria
93%
The Caribbean Dominican Republic
93%
The Middle East Egypt
93%
The Middle East Iran
93%
Central America Panama
93%
Central America Guatemala
92%
Central America Honduras
92%
Southeast Asia Thailand
92%
Central America Costa Rica
91%
Central America Nicaragua
91%
Southeast Asia Vietnam
91%
The Sahara Libya
90%
The Sahara Chad
88%
Southeast Asia Myanmar
87%
The Sahara Sudan
87%
The Caribbean Bahamas
86%
Southeast Asia Philippines
85%
European Union Sweden
85%
The Middle East Turkey
85%
The Middle East Yemen
85%
The Sahara Niger
84%
European Union Finland
77%
No matching quizzes found
Score Distribution
Percent of People with Each Score
Percentile by Number Answered
Your Score History
You have not taken this quiz since the last reset